Effectif Brésil - Coupe du Monde 2026 - Statistiques

Statistiques générales
  • Ce quiz a été pris 14 fois
  • Le résultat moyen est 21 sur 27
Statistiques - réponses
POSTE CLUB NUMERO JOUEUR % Correct
G Liverpool 1 Alisson
100%
G Fenerbahçe 23 Ederson
100%
ATT Olympique Lyonnais 19 Endrick
100%
DEF Arsenal 3 Gabriel Magalhães
100%
DEF PSG 4 Marquinhos
100%
ATT Santos FC 10 Neymar Jr
100%
ATT FC Barcelone 11 Raphinha
100%
ATT Real Madrid 7 Vinícius Júnior
100%
DEF Juventus 14 Bremer
92%
MIL Newcastle 8 Bruno Guimarães
92%
COACH - - Carlo Ancelotti
92%
MIL Manchester United 5 Casemiro
92%
ATT Arsenal 22 Gabriel Martinelli
92%
MIL Al-Ittihad 15 Fabinho
85%
ATT Brentford 21 Igor Thiago
85%
ATT Manchester 9 Matheus Cunha
85%
ATT Zénith St. Pétersbourg 18 Luiz Henrique
77%
MIL Flamengo 20 Lucas Paquetá
69%
DEF Flamengo 6 Alex Sandro
62%
DEF Flamengo 13 Danilo
62%
MIL Botafogo 25 Danilo
62%
ATT Bournemouth 17 Rayan
62%
DEF AS Roma 2 Wesley
62%
DEF Flamengo 26 Léo Pereira
46%
DEF Al-Ahli 24 Roger Ibañez
46%
G Grêmio 12 Weverton
38%
DEF Zénith St. Pétersbourg 16 Douglas Santos
31%
Aucun quiz correspondant
Distribution des résultats
% des personnes avec chaque résultat
Percentile par nombre de réponses
Votre historique - résultats
Vous n’avez pas pris ce quiz